000 00441nam a22001697a 4500
999 _c3682
_d234186
020 _a9505007477
080 _a347.7 B 968
100 _aBustamante, Jorge Eduardo
245 _aDesregulaciòn
_bentre el derecho y la economìa
260 _aBuenos Aires
_bAbledo_ Perrot
_c1993
300 _a286 P.
650 _xdesregulacion
650 _xregulaciones
650 _xproceso de desregulacion
942 _6_
945 _acd
_d2015-04-06